[Event "Remote email"]
[Site "Remote email"]
[Date "2012.12.20"]
[Round "?"]
[White "Widmer, Bruno"]
[Black "Luebbe, Hermann"]
[Result "1-0"]
[WhiteElo "1916"]
[BlackElo "1764"]
[PlyCount "63"]
[EventDate "2012.??.??"]
[EventType "tourn (corr)"]
[EventRounds "6"]
[EventCountry "GER"]
[SourceTitle "Corr 2015"]
[Source "ChessBase"]
[SourceDate "2015.07.17"]
[SourceVersion "1"]
[SourceVersionDate "2015.07.17"]
[SourceQuality "1"]

1. d4 d5 2. e3 f5 3. f4 Nf6 4. Nc3 e6 5. Nf3 Nc6 6. Bd3 Bb4 7. Bd2 Bd7 8. Qe2 a6 9. 0-0-0 Bxc3 10. Bxc3 Ne4 11. Bxe4 dxe4 12. Ne5 Nxe5 13. dxe5 c5 14. Rd6 0-0 15. Rhd1 Rf7 16. Qc4 Qc7 17. h3 b5 18. Qe2 b4 19. Be1 Ra7 20. b3 Qa5 21. Kb1 Qb5 22. c4 Qb7 23. Qh5 a5 24. g4 a4 25. Rxd7 Qxd7 26. Rxd7 Raxd7 27. Kc2 axb3+ 28. axb3 Rd3 29. Bf2 g6 30. Qh4 Rfd7 31. Be1 Ra7 32. gxf5 1-0